Fr. Conceicao Rodrigues College of Engineering

Discrete mathematics and its applications (Record no. 36069)

MARC details
000 -LEADER
fixed length control field 00414nam a22001697a 4500
003 - CONTROL NUMBER IDENTIFIER
control field OSt
005 - DATE AND TIME OF LATEST TRANSACTION
control field 20240813122205.0
007 - PHYSICAL DESCRIPTION FIXED FIELD--GENERAL INFORMATION
fixed length control field 1068
008 - FIXED-LENGTH DATA ELEMENTS--GENERAL INFORMATION
fixed length control field 240813b |||||||| |||| 00| 0 eng d
020 ## - INTERNATIONAL STANDARD BOOK NUMBER
International Standard Book Number 939727359
040 ## - CATALOGING SOURCE
Transcribing agency
082 ## - DEWEY DECIMAL CLASSIFICATION NUMBER
Edition number 8
Classification number 511.1
Item number ROS
245 ## - TITLE STATEMENT
Title Discrete mathematics and its applications
Statement of responsibility, etc. Rosen,Kenneth H
250 ## - EDITION STATEMENT
Edition statement 8
260 ## - PUBLICATION, DISTRIBUTION, ETC.
Name of publisher, distributor, etc. Mc Graw Hill
Date of publication, distribution, etc. 2021
942 ## - ADDED ENTRY ELEMENTS (KOHA)
Source of classification or shelving scheme Dewey Decimal Classification
Koha item type BOOK
Edition 8
Call number prefix 511.1
Call number suffix ROS
Suppress in OPAC No
Holdings
Withdrawn status Lost status Source of classification or shelving scheme Damaged status Not for loan Collection Home library Current library Date acquired Inventory number Total Checkouts Barcode Date last seen Date last checked out Price effective from Koha item type
    Dewey Decimal Classification     Mathematics Fr. Agnel's C.Rodrigues College of Engineering AGNEL TECHNICAL COLLEGE LIBRARY 13/08/2024 AO/24/08/280 4 26449 09/04/2026 05/02/2026 13/08/2024 BOOK
    Dewey Decimal Classification     Mathematics Fr. Agnel's C.Rodrigues College of Engineering Fr. Agnel's C.Rodrigues College of Engineering 13/08/2024 AO/24/08/280 1 26448 27/02/2026 01/12/2025 13/08/2024 BOOK
    Dewey Decimal Classification     Mathematics Fr. Agnel's C.Rodrigues College of Engineering Fr. Agnel's C.Rodrigues College of Engineering 13/08/2024 AO/24/08/280   26450 13/08/2024   13/08/2024 BOOK